000 00347nam a2200145Ia 4500
008 221030s9999 xx 000 0 und d
041 _aEnglish
082 _a105.23
100 _aC. S. Rangan
245 0 _aInstrumentation Devices and Systems
_cby C. S. Rangan, G.R. Sarma
260 _c0
650 _aB
700 _aG.R. Sarma
942 _cBK
999 _c10429
_d10429